| 000 | 00812nam a2200277 a 4500 | ||
|---|---|---|---|
| 999 |
_c12158 _d12158 |
||
| 001 | 12158 | ||
| 003 | BD-JhCC | ||
| 005 | 20210322085937.0 | ||
| 008 | 210322s2014 nyua|||| |||| 001 0 eng d | ||
| 020 | _a9780124159549 | ||
| 035 | _a(BD-JhCC)12158 | ||
| 040 |
_aBD-JhCC _dBD-JhCC |
||
| 041 | _aeng | ||
| 082 |
_a621.406 _bDIX 2014 |
||
| 100 |
_aDixon, S. L. _q(Sydney Lawrence) |
||
| 245 |
_aFluid mechanics and thermodynamics of turbomachinery / _cS. L. Dixon and C. A. Hall |
||
| 250 | _a7th ed. | ||
| 260 |
_aLondon : _bElsevier, _cc2014. |
||
| 300 |
_axviii, 537 p. : _bill. ; _c24 cm. |
||
| 504 | _aIncludes index and bibliography. | ||
| 650 | _aTurbomachines--Fluid dynamics | ||
| 650 | _aTurbomachines--Thermodynamics | ||
| 650 | _aFluid mechanics | ||
| 700 | _aHall, C. A. | ||
| 942 |
_2ddc _cBK |
||